Responses for Show #6090 - Friday, February 18, 2011

2011 Teen Tournament quarterfinal game 2.

Contestants

[<< previous game]

Kailyn LaPorte, a sophomore from Decatur, Georgia

Steven Ho, a junior from Pittsburgh, Pennsylvania

Raphie Cantor, a sophomore from San Diego, California

[next game >>]

Jeopardy! Round responses

FIRST LADIES' MAIDEN NAMES
2010 MOVIES
TONS OF FUN
CATS & DOGS
LAND "HA"!
ODD WORDS
    $200 26
Obama

Kailyn
    $200 1
Megamind

Kailyn
    $200 6
neither (they weigh the same)

Steven
    $200 11
the Great Dane

Triple Stumper
    $200 15
(Raphie: What is New Haven?)

Hartford

RaphieKailyn
    $200 20
a mushroom

Kailyn
    $400 27
Washington

Kailyn
    $400 2
(Steven: What is New Moon?)

Eclipse

RaphieSteven
    $400 7
the Statue of Liberty

Steven
    $400 12
(Kailyn: What is a cheetah?)

a leopard

RaphieKailyn
    $400 16
Hawaii

Raphie
    $400 21
laugh

Steven
    $600 28
Dolley Madison

Raphie
    $600 3
Secretariat

Kailyn
    $600 8
(Steven: What is a crane?)

helicopter

Steven
Triple Stumper
    $600 13
golden retriever

Triple Stumper
    $600 17
Havana

Steven
    $600 22
the wick

Steven
    $800 29
Eisenhower

Kailyn
    $800 4
RED

Kailyn
    $800 9
David

Raphie
    $800 14
a wiener dog (or sausage dog)

Steven
    $800 18
Hanoi

Kailyn
    $800 23
a sword

Kailyn
    $1000 30
Wilson

Triple Stumper
    $1000 5
The Last Airbender

Raphie
    $1000 10
the Hubble Telescope

Raphie
    $1000 25
Siamese

Raphie
    $1,400 19
Harpers Ferry

Kailyn
    $1000 24
(Raphie: What is cool?)

melt

RaphieSteven

Scores at the first commercial break (after clue 15):

Raphie Steven Kailyn
$3,400 $400 $1,400

Scores at the end of the Jeopardy! Round:

Raphie Steven Kailyn
$4,400 $3,000 $6,000

Double Jeopardy! Round responses

4-LETTER COUNTRIES
SINGLE-NAMED SINGERS
THAT'S AN UNDERSTATEMENT
"OP" CULTURE
(Alex: Those 2 letters coming up in each correct response.)
THEY COME IN THREES
(Alex: And finally, you're gonna do some math, because we want you to...)
CUBE IT!
    $400 1
Laos

Kailyn
    $400 11
Ke$ha

Steven
    $400 23
Troy

Raphie
    $400 6
shortstop

Steven
    $400 17
Monopoly

Raphie
    $400 16
8

Steven
    $800 2
Fiji

Raphie
    $800 22
Nelly

Triple Stumper
    $800 24
the Yukon

Raphie
    $800 7
a crop

Steven
    $800 18
the Three Musketeers

Steven
    $800 15
27

Raphie
    $1,600 3
(Raphie: I don't know.)
(Alex: What are [*]? Two 4-letter countries.)

Iraq & Iran

Raphie
    $1200 28
Rihanna

Kailyn
    $1200 25
1789

Raphie
    $1200 8
chop

Kailyn
    $1200 19
the Ohio

Steven
    $1200 14
216

Raphie
    $1600 4
Chad

Kailyn
    $1600 29
Usher

Raphie
    $1600 26
Iago

Kailyn
    $1600 9
a sweatshop

Kailyn
    $1600 20
Churchill

Kailyn
    $1600 13
1/64

Steven
    $2000 5
(Alex: You know that country today as [*].)

Mali

Triple Stumper
    $2000 30
Shakira

Raphie
    $2000 27
hydrochloric acid

Steven
    $2,100 10
(Kailyn: What is... what is...)
(Alex: Anything?)
(Kailyn: Uh, what is a slip?)

a malaprop

Kailyn
    $2000 21
Luxembourg

Kailyn
    $2000 12
-1

Steven

Scores at the end of the Double Jeopardy! Round:

Raphie Steven Kailyn
$12,000 $12,600 $15,100

Final Jeopardy! Round responses

LITERARY CHARACTERS
RaphieWho is Dr. Jekyll/Mr. Hyde?
$6,000
StevenWho is Tom Sawyer?
$6,000
KailynWho is Rip Van Winkle?
$8,000
Rip Van Winkle

Final scores:

Raphie Steven Kailyn
$6,000 $6,600 $23,100
3rd place: $5,000 if eliminated 2nd place: $5,000 if eliminated Automatic semifinalist

Game dynamics:

Coryat scores:

Raphie Steven Kailyn
$13,600 $12,600 $16,800
17 R,
3 W
(including 1 DD)
16 R,
2 W
19 R
(including 1 DD),
2 W
(including 1 DD)

Combined Coryat: $43,000

[game clues] [game scores] [suggest correction]

Game tape date: 2010-12-06
The J! Archive is created by fans, for fans. Scraping, republication, monetization, and malicious use prohibited; this site may use cookies and collect identifying information. See terms. The Jeopardy! game show and all elements thereof, including but not limited to copyright and trademark thereto, are the property of Jeopardy Productions, Inc. and are protected under law. This website is not affiliated with, sponsored by, or operated by Jeopardy Productions, Inc. Join the discussion at JBoard.tv.